NFL 1st Round Draft Picks (2012-2026) - Statistics

General Stats
  • This quiz has been taken 693 times
    37 since last reset
  • The average score is 227 of 478
Answer Stats
Year Pick Number Team Alma Mater Position Answer % Correct
2021 10. PHI Alabama WR DeVonta Smith
92%
2012 29. MIN Notre Dame S Harrison Smith
92%
2023 20. SEA Ohio State WR Jaxon Smith-Njigba
92%
2014 26. PHI Louisville LB Marcus Smith
92%
2023 26. DAL Michigan DT Mazi Smith
92%
2023 30. PHI Georgia LB Nolan Smith
92%
2018 8. CHI Georgia LB Roquan Smith
92%
2022 24. DAL Tulsa OT Tyler Smith
92%
2012 1. IND Stanford QB Andrew Luck
88%
2024 1. CHI USC QB Caleb Williams
88%
2026 27. MIA San Diego State CB Chris Johnson
88%
2022 12. DET Alabama WR Jameson Williams
88%
2022 26. NYJ Florida State DE Jermaine Johnson II
88%
2019 11. CIN Alabama OT Jonah Williams
88%
2015 16. HOU Wake Forest CB Kevin Johnson
88%
2013 4. PHI Oklahoma OT Lane Johnson
88%
2015 6. NYJ USC DE Leonard Williams
88%
2017 7. LAC Clemson WR Mike Williams
88%
2025 11. SF Georgia DE Mykel Williams
88%
2023 6. ARI Ohio State OT Paris Johnson Jr.
88%
2019 3. NYJ Alabama DT Quinnen Williams
88%
2013 28. DEN North Carolina DT Sylvester Williams
88%
2025 28. DET Ohio State DT Tyleik Williams
88%
2022 17. LAC Boston College OG Zion Johnson
88%
2023 14. PIT Georgia OT Broderick Jones
85%
2015 27. DAL UConn CB Byron Jones
85%
2012 21. NE Syracuse DE Chandler Jones
85%
2019 6. NYG Duke QB Daniel Jones
85%
2013 26. GB UCLA DE Datone Jones
85%
2013 17. PIT Georgia LB Jarvis Jones
85%
2017 17. WSH Alabama DE Jonathan Allen
85%
2018 7. BUF Wyoming QB Josh Allen
85%
2019 7. JAX Kentucky OLB Josh Allen
85%
2021 15. NE Alabama QB Mac Jones
85%
2012 2. WSH Baylor QB Robert Griffin III
85%
2020 4. NYG Georgia OT Andrew Thomas
81%
2023 4. IND Florida QB Anthony Richardson
81%
2019 17. NYG Clemson DT Dexter Lawrence
81%
2026 1. LV Indiana QB Fernando Mendoza
81%
2026 3. ARI Notre Dame RB Jeremiyah Love
81%
2020 1. CIN LSU QB Joe Burrow
81%
2020 26. GB Utah State QB Jordan Love
81%
2026 23. DAL UCF DE Malachi Lawrence
81%
2017 1. CLE Texas A&M DE Myles Garrett
81%
2013 13. NYJ Missouri DT Sheldon Richardson
81%
2025 2. JAX Colorado CB/WR Travis Hunter
81%
2012 3. CLE Alabama RB Trent Richardson
81%
2021 1. JAX Clemson QB Trevor Lawrence
81%
2023 8. ATL Texas RB Bijan Robinson
77%
2024 23. JAX LSU WR Brian Thomas Jr.
77%
2026 11. DAL Ohio State S Caleb Downs
77%
2025 1. TEN Miami (FL) QB Cam Ward
77%
2024 21. MIA Penn State DE Chop Robinson
77%
2017 8. CAR Stanford RB Christian McCaffrey
77%
2024 27. ARI Missouri DE Darius Robinson
77%
2012 32. NYG Virginia Tech RB David Wilson
77%
2018 4. CLE Ohio State CB Denzel Ward
77%
2024 3. NE North Carolina QB Drake Maye
77%
2022 10. NYJ Ohio State WR Garrett Wilson
77%
2014 2. STL Auburn OT Greg Robinson
77%
2020 29. TEN Georgia OT Isaiah Wilson
77%
2025 15. ATL Georgia LB Jalon Walker
77%
2020 10. CLE Alabama OT Jedrick Wills
77%
2014 30. SF Northern Illinois S Jimmie Ward
77%
2016 3. SD Ohio State DE Joey Bosa
77%
2020 6. LAC Oregon QB Justin Herbert
77%
2020 23. LAC Oklahoma ILB Kenneth Murray
77%
2019 1. ARI Oklahoma QB Kyler Murray
77%
2024 8. ATL Washington QB Michael Penix Jr.
77%
2019 2. SF Ohio State DE Nick Bosa
77%
2022 22. GB Georgia LB Quay Walker
77%
2017 3. SF Stanford DE Solomon Thomas
77%
2022 1. JAX Georgia DE Travon Walker
77%
2023 7. LV Texas Tech DE Tyree Wilson
77%
2021 2. NYJ BYU QB Zach Wilson
77%
2025 3. NYG Penn State DE Abdul Carter
73%
2017 18. TEN USC CB Adoree' Jackson
73%
2023 27. JAX Oklahoma OT Anton Harrison
73%
2025 6. LV Boise State RB Ashton Jeanty
73%
2020 18. MIA USC OT Austin Jackson
73%
2018 1. CLE Oklahoma QB Baker Mayfield
73%
2023 1. CAR Alabama QB Bryce Young
73%
2026 4. TEN Ohio State WR Carnell Tate
73%
2017 22. MIA Missouri DE Charles Harris
73%
2020 2. WSH Ohio State DE Chase Young
73%
2022 3. HOU LSU CB Derek Stingley Jr.
73%
2025 24. MIN Ohio State OG Donovan Jackson
73%
2022 7. NYG Alabama OT Evan Neal
73%
2014 1. HOU South Carolina DE Jadeveon Clowney
73%
2023 9. PHI Georgia DT Jalen Carter
73%
2021 5. CIN LSU WR Ja'Marr Chase
73%
2016 17. ATL Florida S Keanu Neal
73%
2018 32. BAL Louisville QB Lamar Jackson
73%
2024 4. ARI Ohio State WR Marvin Harrison Jr.
73%
2025 5. CLE Michigan DT Mason Graham
73%
2021 24. PIT Alabama RB Najee Harris
73%
2017 10. KC Texas Tech QB Patrick Mahomes
73%
2021 9. DEN Alabama CB Patrick Surtain II
73%
2016 24. CIN Houston CB William Jackson III
73%
2022 2. DET Michigan DE Aidan Hutchinson
69%
2024 12. DEN Oregon QB Bo Nix
69%
2023 2. HOU Ohio State QB CJ Stroud
69%
2020 7. CAR Auburn DT Derrick Brown
69%
2020 8. ARI Clemson ILB Isaiah Simmons
69%
2023 18. DET Iowa LB Jack Campbell
69%
2024 2. WSH LSU QB Jayden Daniels
69%
2019 19. TEN Mississippi State DT Jeffery Simmons
69%
2025 31. PHI Alabama LB Jihaad Campbell
69%
2025 32. KC Ohio State OT Josh Simmons
69%
2021 11. CHI Ohio State QB Justin Fields
69%
2021 4. ATL Florida TE Kyle Pitts
69%
2026 20. PHI USC WR Makai Lemon
69%
2015 32. NE Texas DT Malcom Brown
69%
2024 6. NYG LSU WR Malik Nabers
69%
2019 25. BAL Oklahoma WR Marquise Brown
69%
2021 12. DAL Penn State LB Micah Parsons
69%
2014 7. TB Texas A&M WR Mike Evans
69%
2017 2. CHI North Carolina QB Mitch Trubisky
69%
2018 22. TEN Alabama LB Rashaan Evans
69%
2018 3. NYJ USC QB Sam Darnold
69%
2025 8. CAR Arizona WR Tetairoa McMillan
69%
2017 30. PIT Wisconsin LB TJ Watt
69%
2020 5. MIA Alabama QB Tua Tagovailoa
69%
2025 4. NE LSU OT Will Campbell
69%
2022 4. NYJ Cincinnati CB Ahmad Gardner
65%
2015 4. OAK Alabama WR Amari Cooper
65%
2026 5. NYG Ohio State LB Arvell Reese
65%
2016 2. PHI North Dakota State QB Carson Wentz
65%
2020 32. KC LSU RB Clyde Edwards-Helaire
65%
2025 10. CHI Michigan TE Colston Loveland
65%
2017 5. TEN Western Michigan WR Corey Davis
65%
2026 2. NYJ Texas Tech LB David Bailey
65%
2017 12. HOU Clemson QB Deshaun Watson
65%
2015 9. NYG Miami (FL) OT Ereck Flowers
65%
2016 4. DAL Ohio State RB Ezekiel Elliott
65%
2017 6. NYJ LSU S Jamal Adams
65%
2015 1. TAM Florida State QB Jameis Winston
65%
2021 19. WSH Kentucky LB Jamin Davis
65%
2016 1. LAR California QB Jared Goff
65%
2017 21. DET Florida LB Jarrad Davis
65%
2021 6. MIA Alabama WR Jaylen Waddle
65%
2020 15. DEN Alabama WR Jerry Jeudy
65%
2024 10. MIN Michigan QB JJ McCarthy
65%
2013 7. ARI North Carolina OG Jonathan Cooper
65%
2022 13. PHI Georgia DT Jordan Davis
65%
2022 14. BAL Notre Dame S Kyle Hamilton
65%
2015 2. TEN Oregon QB Marcus Mariota
65%
2026 30. NYJ Indiana WR Omar Cooper Jr.
65%
2021 7. DET Oregon OT Penei Sewell
65%
2024 9. CHI Washington WR Rome Odunze
65%
2018 2. NYG Penn State RB Saquon Barkley
65%
2021 25. JAX Clemson RB Travis Etienne
65%
2021 3. SF North Dakota State QB Trey Lance
65%
2025 14. IND Penn State TE Tyler Warren
65%
2026 13. LAR Alabama QB Ty Simpson
65%
2023 22. BAL Boston College WR Zay Flowers
65%
2020 16. ATL Clemson CB AJ Terrell
62%
2024 13. LV Georgia TE Brock Bowers
62%
2026 18. MIN Florida DE Caleb Banks
62%
2020 17. DAL Oklahoma WR CeeDee Lamb
62%
2022 11. NO Ohio State WR Chris Olave
62%
2023 24. NYG Maryland CB Deonte Banks
62%
2019 5. TB LSU LB Devin White
62%
2018 24. CAR Maryland WR DJ Moore
62%
2022 8. ATL USC WR Drake London
62%
2023 12. DET Alabama RB Jahmyr Gibbs
62%
2016 5. JAX Florida State CB Jalen Ramsey
62%
2021 8. CAR South Carolina CB Jaycee Horn
62%
2026 8. NO Arizona State WR Jordyn Tyson
62%
2019 24. OAK Alabama RB Josh Jacobs
62%
2020 22. MIN LSU WR Justin Jefferson
62%
2025 9. NO Texas OT Kelvin Banks Jr.
62%
2015 7. CHI West Virginia WR Kevin White
62%
2017 11. NO Ohio State CB Marshon Lattimore
62%
2025 23. GB Texas WR Matthew Golden
62%
2018 6. IND Notre Dame OG Quenton Nelson
62%
2021 27. BAL Minnesota WR Rashod Bateman
62%
2026 7. WSH Ohio State LB Sonny Styles
62%
2017 27. BUF LSU CB Tre'Davious White
62%
2023 3. HOU Alabama LB Will Anderson Jr.
62%
2014 9. MIN UCLA LB Anthony Barr
58%
2026 17. DET Clemson OT Blake Miller
58%
2018 17. LAC Florida State S Derwin James
58%
2023 5. SEA Illinois CB Devon Witherspoon
58%
2018 25. BAL South Carolina TE Hayden Hurst
58%
2020 12. LV Alabama WR Henry Ruggs
58%
2014 19. MIA Tennessee OT Ja'Wuan James
58%
2025 25. NYG Ole Miss QB Jaxson Dart
58%
2024 5. LAC Notre Dame OT Joe Alt
58%
2023 23. MIN USC WR Jordan Addison
58%
2018 10. ARI UCLA QB Josh Rosen
58%
2022 20. PIT Pittsburgh QB Kenny Pickett
58%
2018 15. OAK UCLA OT Kolton Miller
58%
2025 22. LAC North Carolina RB Omarion Hampton
58%
2019 8. DET Iowa TE TJ Hockenson
58%
2018 21. CIN Ohio State C Billy Price
54%
2014 3. JAX UCF QB Blake Bortles
54%
2020 25. SF Arizona State WR Brandon Aiyuk
54%
2023 17. NE Oregon CB Christian Gonzalez
54%
2024 17. MIN Alabama DE Dallas Turner
54%
2023 25. BUF Utah TE Dalton Kincaid
54%
2025 19. TB Ohio State WR Emeka Egbuka
54%
2026 32. SEA Notre Dame RB Jadarian Price
54%
2022 5. NYG Oregon DE Kayvon Thibodeaux
54%
2022 15. HOU Texas A&M OG Kenyon Green
54%
2026 16. NYJ Oregon TE Kenyon Sadiq
54%
2017 4. JAX LSU RB Leonard Fournette
54%
2023 13. GB Iowa DE Lukas Van Ness
54%
2025 27. BAL Georgia S Malaki Starks
54%
2017 16. BAL Alabama CB Marlon Humphrey
54%
2014 12. NYG LSU WR Odell Beckham Jr.
54%
2021 28. NO Houston DE Payton Turner
54%
2023 21. LAC TCU WR Quentin Johnston
54%
2024 31. SF Florida WR Ricky Pearsall
54%
2026 9. CLE Utah OT Spencer Fano
54%
2022 21. KC Washington CB Trent McDuffie
54%
2025 12. DAL Alabama OG Tyler Booker
54%
2022 25. BAL Iowa C Tyler Linderbaum
54%
2024 28. KC Texas WR Xavier Worthy
54%
2022 9. SEA Mississippi State OT Charles Cross
50%
2018 20. DET Arkansas C Frank Ragnow
50%
2018 18. GB Louisville CB Jaire Alexander
50%
2021 20. NYG Florida WR Kadarius Toney
50%
2026 12. MIA Alabama OT Kadyn Proctor
50%
2026 24. CLE Texas A&M WR KC Concepcion
50%
2026 6. KC LSU CB Mansoor Delane
50%
2016 26. DEN Memphis QB Paxton Lynch
50%
2024 22. PHI Toledo CB Quinyon Mitchell
50%
2021 13. LAC Northwestern OT Rashawn Slater
50%
2024 24. DET Alabama CB Terrion Arnold
50%
2022 18. TEN Arkansas WR Treylon Burks
50%
2020 13. TB Iowa OT Tristan Wirfs
50%
2024 32. CAR South Carolina WR Xavier Legette
50%
2021 14. NYJ USC OG Alijah Vera-Tucker
46%
2025 7. NYJ Missouri OT Armand Membou
46%
2018 5. DEN NC State DE Bradley Chubb
46%
2024 16. SEA Texas DT Byron Murphy II
46%
2019 15. WSH Ohio State QB Dwayne Haskins
46%
2022 30. KC Purdue DE George Karlaftis
46%
2020 21. PHI TCU WR Jalen Reagor
46%
2024 19. LAR Florida State DE Jared Verse
46%
2020 3. DET Ohio State CB Jeff Okudah
46%
2017 9. CIN Washington WR John Ross
46%
2014 5. OAK Buffalo LB Khalil Mack
46%
2015 15. SD Wisconsin RB Melvin Gordon
46%
2018 11. MIA Alabama S Minkah Fitzpatrick
46%
2019 26. WSH Mississippi State DE Montez Sweat
46%
2023 28. CIN Clemson DE Myles Murphy
46%
2023 11. TEN Northwestern OT Peter Skoronski
46%
2026 15. TB Miami (FL) DE Rueben Bain Jr.
46%
2018 26. ATL Alabama WR Calvin Ridley
42%
2022 31. CIN Michigan S Daxton Hill
42%
2019 30. NYG Georgia CB Deandre Baker
42%
2013 27. HOU Clemson WR DeAndre Hopkins
42%
2025 21. PIT Oregon DT Derrick Harmon
42%
2019 10. PIT Michigan LB Devin Bush
42%
2012 31. TB Boise State RB Doug Martin
42%
2025 18. SEA North Dakota State OG Grey Zabel
42%
2022 16. WSH Penn State WR Jahan Dotson
42%
2024 7. TEN Alabama OT JC Latham
42%
2014 22. CLE Texas A&M QB Johnny Manziel
42%
2026 31. TEN Auburn DE Keldric Faulk
42%
2020 20. JAX LSU DE K'Lavon Chaisson
42%
2012 9. CAR Boston College LB Luke Kuechly
42%
2019 20. DEN Iowa TE Noah Fant
42%
2017 19. TB Alabama TE OJ Howard
42%
2020 28. BAL LSU ILB Patrick Queen
42%
2016 6. BAL Notre Dame OT Ronnie Stanley
42%
2012 10. BUF South Carolina CB Stephon Gilmore
42%
2019 23. HOU Alabama State OT Tytus Howard
42%
2018 12. TB Washington NT Vita Vea
42%
2014 16. DAL Notre Dame OG Zack Martin
42%
2021 16. ARI Tulsa LB Zaven Collins
42%
2016 25. PIT Miami (FL) CB Artie Burns
38%
2014 20. NO Oregon State WR Brandin Cooks
38%
2019 16. CAR Florida State DE Brian Burns
38%
2020 24. NO Michigan C Cesar Ruiz
38%
2023 10. CHI Tennessee OT Darnell Wright
38%
2026 25. CHI Oregon S Dillon Thieneman
38%
2026 10. NYG Miami (FL) OT Francis Mauigoa
38%
2021 26. CLE Northwestern CB Greg Newsome II
38%
2021 18. MIA Miami (FL) DE Jaelan Phillips
38%
2025 20. DEN Texas CB Jahdae Barron
38%
2025 26. ATL Tennessee DE James Pearce Jr.
38%
2020 27. SEA Texas Tech ILB Jordyn Brooks
38%
2012 20. TEN Baylor WR Kendall Wright
38%
2025 13. MIA Michigan DT Kenneth Grant
38%
2016 13. MIA Ole Miss OT Laremy Tunsil
38%
2012 7. TB Alabama S Mark Barron
38%
2019 32. NE Arizona State WR N'Keal Harry
38%
2026 29. KC Clemson DT Peter Woods
38%
2012 8. MIA Texas A&M QB Ryan Tannehill
38%
2014 4. BUF Clemson WR Sammy Watkins
38%
2018 31. NE Georgia RB Sony Michel
38%
2014 32. MIN Louisville QB Teddy Bridgewater
38%
2015 10. STL Georgia RB Todd Gurley
38%
2026 14. BAL Penn State OG Vega Ioane
38%
2025 16. ARI Ole Miss DT Walter Nolen
38%
2023 15. NYJ Iowa State DE Will McDonald IV
38%
2014 13. STL Pittsburgh DT Aaron Donald
35%
2026 22. LAC Miami (FL) LB Ahkeem Mesidor
35%
2015 13. NO Stanford OT Andrus Peat
35%
2019 14. ATL Boston College OG Chris Lindstrom
35%
2021 23. MIN Virginia Tech OT Christian Darrisaw
35%
2020 9. JAX Florida CB CJ Henderson
35%
2017 29. CLE Miami (FL) TE David Njoku
35%
2016 7. SF Oregon DE DeForest Buckner
35%
2015 14. MIA Louisville WR DeVante Parker
35%
2022 27. JAX Utah LB Devin Lloyd
35%
2019 9. BUF Houston DT Ed Oliver
35%
2016 10. NYG Ohio State CB Eli Apple
35%
2013 1. KC Central Michigan OT Eric Fisher
35%
2021 29. GB Georgia CB Eric Stokes
35%
2017 23. NYG Ole Miss TE Evan Engram
35%
2014 6. ATL Texas A&M OT Jake Matthews
35%
2020 14. SF South Carolina DT Javon Kinlaw
35%
2021 21. IND Michigan DE Kwity Paye
35%
2024 15. IND UCLA DE Laiatu Latu
35%
2018 19. DAL Boise State LB Leighton Vander Esch
35%
2026 21. PIT Arizona State OT Max Iheanachor
35%
2025 30. BUF Kentucky CB Maxwell Hairston
35%
2025 17. CIN Texas A&M DE Shemar Stewart
35%
2024 18. CIN Georgia OT Amarius Mims
31%
2012 15. SEA West Virginia DE Bruce Irvin
31%
2026 28. NE Utah OT Caleb Lomu
31%
2023 19. TB Pittsburgh DT Calijah Kancey
31%
2019 4. OAK Clemson DE Clelin Ferrell
31%
2022 29. NE Chattanooga OG Cole Strange
31%
2020 19. LV Ohio State CB Damon Arnette
31%
2022 28. GB Georgia DT Devonte Wyatt
31%
2013 3. MIA Oregon DE Dion Jordan
31%
2023 16. WSH Mississippi State CB Emmanuel Forbes
31%
2017 20. DEN Utah OT Garett Bolles
31%
2022 6. CAR NC State OT Ikem Ekwonu
31%
2012 5. JAX Oklahoma State WR Justin Blackmon
31%
2014 14. CHI Virginia Tech CB Kyle Fuller
31%
2026 19. CAR Georgia OT Monroe Freeling
31%
2024 30. BAL Clemson CB Nate Wiggins
31%
2018 27. SEA San Diego State RB Rashaad Penny
31%
2013 8. STL West Virginia WR Tavon Austin
31%
2018 28. PIT Virginia Tech S Terrell Edmunds
31%
2018 16. BUF Virginia Tech LB Tremaine Edmunds
31%
2022 19. NO Northern Iowa OT Trevor Penning
31%
2024 29. DAL Oklahoma OT Tyler Guyton
31%
2016 21. HOU Notre Dame WR Will Fuller
31%
2015 17. SF Oregon DE Arik Armstead
27%
2015 5. WSH Iowa OT Brandon Scherff
27%
2021 22. TEN Virginia Tech CB Caleb Farley
27%
2012 11. KC Memphis DT Dontari Poe
27%
2020 31. MIN TCU CB Jeff Gladney
27%
2025 29. WSH Oregon OT Josh Conerly Jr.
27%
2022 23. BUF Florida CB Kaiir Elam
27%
2012 27. CIN Wisconsin OG Kevin Zeitler
27%
2026 26. HOU Georgia Tech OG Keylan Rutledge
27%
2016 23. MIN Ole Miss WR Laquon Treadwell
27%
2022 32. MIN Georgia S Lewis Cine
27%
2017 15. IND Ohio State S Malik Hooker
27%
2018 14. NO UTSA DE Marcus Davenport
27%
2015 18. KC Washington CB Marcus Peters
27%
2013 32. BAL Florida S Matt Elam
27%
2020 11. NYJ Louisville OT Mekhi Becton
27%
2016 18. IND Alabama C Ryan Kelly
27%
2015 25. CAR Washington LB Shaq Thompson
27%
2024 14. NO Oregon State OT Taliese Fuaga
27%
2018 29. JAX Florida DT Taven Bryan
27%
2016 16. DET Ohio State OT Taylor Decker
27%
2021 17. LV Alabama OT Alex Leatherwood
23%
2012 22. CLE Oklahoma State QB Brandon Weeden
23%
2023 29. NO Clemson DT Bryan Bresee
23%
2019 13. MIA Clemson DT Christian Wilkins
23%
2016 15. CLE Baylor WR Corey Coleman
23%
2013 16. BUF Florida State QB EJ Manuel
23%
2013 5. DET BYU DE Ezekiel Ansah
23%
2024 26. TB Duke C Graham Barton
23%
2017 13. ARI Temple LB Haason Reddick
23%
2014 21. GB Alabama S Ha Ha Clinton-Dix
23%
2018 23. NE Georgia OT Isaiah Wynn
23%
2017 25. CLE Michigan S Jabrill Peppers
23%
2016 8. TEN Michigan State OT Jack Conklin
23%
2014 8. CLE Oklahoma State CB Justin Gilbert
23%
2016 27. GB UCLA DT Kenny Clark
23%
2018 9. SF Notre Dame OT Mike McGlinchey
23%
2024 11. NYJ Penn State OT Olu Fashanu
23%
2017 31. SF Alabama LB Reuben Foster
23%
2014 11. TEN Michigan OT Taylor Lewan
23%
2013 31. DAL Wisconsin C Travis Frederick
23%
2013 21. CIN Notre Dame TE Tyler Eifert
23%
2015 8. ATL Clemson DE Vic Beasley
23%
2013 24. IND Florida State DE Bjorn Werner
19%
2019 21. GB Maryland FS Darnell Savage
19%
2018 13. WSH Alabama NT Daron Payne
19%
2016 20. NYJ Ohio State LB Darron Lee
19%
2017 14. PHI Tennessee DE Derek Barnett
19%
2015 24. ARI Florida OT DJ Humphries
19%
2014 10. DET North Carolina TE Eric Ebron
19%
2012 12. PHI Mississippi State DT Fletcher Cox
19%
2021 30. BUF Miami (FL) DE Gregory Rousseau
19%
2024 25. GB Arizona OT Jordan Morgan
19%
2016 22. WSH TCU WR Josh Doctson
19%
2014 28. CAR Florida State WR Kelvin Benjamin
19%
2016 9. CHI Georgia LB Leonard Floyd
19%
2012 18. SD South Carolina LB Melvin Ingram
19%
2012 13. ARI Notre Dame WR Michael Floyd
19%
2015 20. PHI USC WR Nelson Agholor
19%
2020 30. MIA Auburn CB Noah Igbinoghene
19%
2021 31. BAL Penn State DE Odafe Oweh
19%
2015 29. IND Miami (FL) WR Phillip Dorsett
19%
2019 12. GB Michigan OLB Rashan Gary
19%
2017 32. NO Wisconsin OT Ryan Ramczyk
19%
2014 15. PIT Ohio State LB Ryan Shazier
19%
2013 23. MIN Florida DT Sharrif Floyd
19%
2017 28. DAL Michigan DE Taco Charlton
19%
2016 30. CAR Louisiana Tech DT Vernon Butler
19%
2016 11. TB Florida CB Vernon Hargreaves
19%
2012 30. SF Illinois WR AJ Jenkins
15%
2019 22. PHI Washington State OT Andre Dillard
15%
2015 26. BAL UCF WR Breshad Perriman
15%
2015 22. PIT Kentucky LB Bud Dupree
15%
2013 29. MIN Tennessee WR Cordarrelle Patterson
15%
2015 12. CLE Washington DT Danny Shelton
15%
2015 3. JAX Florida DE Dante Fowler
15%
2012 24. PIT Stanford OG David DeCastro
15%
2014 23. KC Auburn DE Dee Ford
15%
2013 22. ATL Washington CB Desmond Trufant
15%
2012 25. NE Alabama LB Dont'a Hightower
15%
2012 17. CIN Alabama CB Dre Kirkpatrick
15%
2013 18. SF LSU S Eric Reid
15%
2023 31. KC Kansas State DE Felix Anudike-Uzomah
15%
2017 24. OAK Ohio State CB Gareon Conley
15%
2019 18. MIN NC State C Garrett Bradbury
15%
2019 28. LAC Notre Dame DT Jerry Tillery
15%
2021 32. TB Washington DE Joe Tryon-Shoyinka
15%
2019 27. OAK Mississippi State S Johnathan Abram
15%
2013 19. NYG Syracuse OT Justin Pugh
15%
2013 20. CHI Oregon OG Kyle Long
15%
2019 29. SEA TCU DE LJ Collier
15%
2013 2. JAX Texas A&M OT Luke Joeckel
15%
2018 30. MIN UCF CB Mike Hughes
15%
2012 6. DAL LSU CB Morris Claiborne
15%
2016 19. BUF Clemson DE Shaq Lawson
15%
2013 14. CAR Utah DT Star Lotulelei
15%
2015 11. MIN Michigan State CB Trae Waynes
15%
2024 20. PIT Washington OT Troy Fautanu
15%
2013 25. MIN Florida State CB Xavier Rhodes
15%
2013 6. CLE LSU DE Barkevious Mingo
12%
2014 31. DEN Ohio State CB Bradley Roby
12%
2014 18. NYJ Louisville S Calvin Pryor
12%
2015 21. CIN Texas A&M OT Cedric Ogbuehi
12%
2014 17. BAL Alabama LB CJ Mosley
12%
2016 31. SEA Texas A&M OT Germain Ifedi
12%
2016 14. OAK West Virginia S Karl Joseph
12%
2015 28. DET Duke OG Laken Tomlinson
12%
2012 4. MIN USC OT Matt Kalil
12%
2012 23. DET Iowa OT Riley Reiff
12%
2015 23. DEN Missouri DE Shane Ray
12%
2016 12. NO Louisville DT Sheldon Rankins
12%
2017 26. ATL UCLA DE Takkarist McKinley
12%
2015 19. CLE Florida State C Cameron Erving
8%
2013 10. TEN Alabama OG Chance Warmack
8%
2015 30. GB Arizona State S Damarious Randall
8%
2014 24. CIN Michigan State CB Darqueze Dennard
8%
2013 9. NYJ Alabama CB Dee Milliner
8%
2013 11. SD Alabama OT DJ Fluker
8%
2014 25. SD TCU CB Jason Verrett
8%
2019 31. ATL Washington OT Kaleb McGary
8%
2013 15. NO Texas S Kenny Vaccaro
8%
2012 14. STL LSU DE Michael Brockers
8%
2012 16. NYJ North Carolina DE Quinton Coples
8%
2016 29. ARI Ole Miss DT Robert Nkemdiche
8%
2012 19. CHI Boise State DE Shea McClellin
8%
2015 31. NO Clemson LB Stephone Anthony
8%
2012 26. HOU Illinois DE Whitney Mercilus
8%
2013 30. STL Georgia LB Alec Ogletree
4%
2013 12. OAK Houston CB DJ Hayden
4%
2016 28. SF Stanford OG Joshua Garnett
4%
2012 28. GB USC LB Nick Perry
4%
2014 27. ARI Washington State S Deone Bucannon
0%
2014 29. NE Florida DT Dominique Easley
0%
No matching quizzes found
Score Distribution
Percent of People with Each Score
Percentile by Number Answered
Your Score History
You have not taken this quiz since the last reset